Medical chemistry (Record no. 32473)

MARC details
000 -LEADER
fixed length control field 00381nam a2200169Ia 4500
020 ## - INTERNATIONAL STANDARD BOOK NUMBER
ISBN 9878123917900
050 ## - CALL MARK
Classification number RS 403 .B35/
100 ## - STATEMENT OF RESPONSIBILITY--MAIN AUTHOR NAME
Personal name Balkishen, Razdan
245 #0 - TITLE STATEMENT
Title Medical chemistry
260 ## - PUBLICATION, DISTRIBUTION, ETC. (IMPRINT)
Place of publication New delhi
260 ## - PUBLICATION, DISTRIBUTION, ETC. (IMPRINT)
Name of publisher S. chand
260 ## - PUBLICATION, DISTRIBUTION, ETC. (IMPRINT)
Year of publication 2010
300 ## - PHYSICAL DESCRIPTION
Number of Pages 828 p
942 ## - ADDED ENTRY ELEMENTS (KOHA)
Koha item type Books
Holdings
Withdrawn status Lost status Source of classification or shelving scheme Damaged status Not for loan Permanent Location Current Location Date acquired Accession Number Price effective from Koha item type
    Library of Congress Classification     NILE UNIVERSITY OF NIGERIA - MAIN LIBRARY NILE UNIVERSITY OF NIGERIA - MAIN LIBRARY 04/23/2025 0187041 04/23/2025 Books